000
00313nam a2200133Ia 4500
008
191201s1968 xx 000 0 und d
100
_a
JORDAN, E C
245
0
_a
Electromagnetic Waves and Radiating Systems
250
_a
2nd
260
_c
1968
_b
PHI
_a
N.Delhi
300
_a
753
650
_a
ECE
942
_2
ddc
_c
BB
999
_c
7254
_d
7254